|
|
|
|
| LEADER |
00000nab a2200000 ar4500 |
| 001 |
vtls010199347 |
| 003 |
SK-MaSNL |
| 005 |
20260318140025.0 |
| 008 |
101220c20101218xo |||||||| 000 b|hun |
| 015 |
|
|
|a SNBRB2010/12
|2 snkbucl
|
| 038 |
|
|
|a SNKBUCL
|
| 040 |
|
|
|a DSZK
|b slo
|c DSZK
|e AACR2
|
| 041 |
0 |
|
|a hun
|
| 044 |
|
|
|a xo
|c SK
|
| 080 |
|
|
|a 791/792.071.2
|2 2001
|
| 080 |
|
|
|a 929 Mokos, Attila
|2 2001
|
| 100 |
1 |
|
|a Szabó, László G.,
|d 1955-
|4 ivr
|4 aut
|9 840019
|
| 245 |
1 |
0 |
|a Szív dobog a reverenda alatt, érző, tiszta szív
|b "rengeteget tanultam Cserhalmi Györgytől. Figyelt arra, hogy íve legyen annak, amit csinál ..."
|c Szabó G. László, Mokos Attila
|
| 300 |
|
|
|b Fotogr.
|
| 600 |
1 |
7 |
|a Mokos, Attila,
|d 1964-
|2 snkbucl
|9 113386
|
| 650 |
0 |
7 |
|a herci
|2 SNKPH
|9 3087
|
| 655 |
|
7 |
|a rozhovory
|2 SNKPH
|9 31831
|
| 700 |
1 |
|
|a Mokos, Attila,
|d 1964-
|4 ive
|4 aut
|9 113386
|
| 773 |
0 |
|
|t Új szó
|g Évf. 63, sz. 291 (18.12.2010), o. 25
|x 1335-7050
|
| 852 |
|
|
|a SNK
|b KIS3GCP
|
| 852 |
|
|
|a DSZK
|b KIS3GCP
|
| 957 |
|
|
|a Komárno (Slovensko)
|
| 958 |
|
|
|a HU
|
| 958 |
|
|
|a BX
|
| 999 |
|
|
|c 1808921
|d 1810851
|